000
00307 a2200145 4500
001
169537
020
_a
040
_c
Magnum
100
_a
Przybylski, Edy
240
1
0
_a
O supervisor escolar em acao
_l
por
245
1
0
_a
O supervisor escolar em acao
362
0
_a
1899
697
_a
ENSINO
942
_c
BK
999
_c
169537
_d
169537